| 000 | 00804nam a2200229Ia 4500 | ||
|---|---|---|---|
| 003 | GCL | ||
| 008 | 140319s9999 xx 000 0 ara d | ||
| 020 | _a3487287977 | ||
| 040 |
_aGCL / _cGCL |
||
| 082 | 0 | 4 |
_a628.15 _bب ح |
| 100 | 1 | _aباركر،مارشال اى | |
| 245 | 1 | 0 |
_aالحماية الكاثودية لخطوط المواسير / _cباركر،مارشال اى |
| 700 | 1 | _aمحمد احمد السيد خليل | |
| 250 | _aالاولى | ||
| 260 |
_aالقاهرة : _bدار الكتب العلمية للنشر والتوزيع ، _c2005 |
||
| 300 |
_a187 ص ؛ _c24 سم |
||
| 650 | 0 | 4 | _aمصادر المياه |
| 650 | 0 | 4 | _aالمواسير |
| 650 | 0 | 4 | _aالمواسير - صيانة |
| 650 | 0 | 4 | _aالمواسير - الحماية القانونية |
| 942 |
_2ddc _cBK |
||
| 999 |
_c10176 _d10176 |
||